Japan Through the Lens of the Tokyo Olympics (Record no. 29959)
[ view plain ]
| 000 -LEADER | |
|---|---|
| fixed length control field | 00511nam a2200121Ia 4500 |
| 008 - FIXED-LENGTH DATA ELEMENTS--GENERAL INFORMATION | |
| fixed length control field | 220620s9999||||xx |||||||||||||| ||und|| |
| 245 #0 - TITLE STATEMENT | |
| Title | Japan Through the Lens of the Tokyo Olympics |
| 546 ## - LANGUAGE NOTE | |
| Language note | English[eng] |
| 650 ## - SUBJECT ADDED ENTRY--TOPICAL TERM | |
| Topical term or geographic name entry element | Tokyo 2020||olympics||Japanese culture and society||sporting events||sociology of sport |
| 700 ## - ADDED ENTRY--PERSONAL NAME | |
| Personal name | Holthus, Barbara||Gagné, Isaac||Manzenreiter, Wolfram||Waldenberger, Franz |
| 856 ## - ELECTRONIC LOCATION AND ACCESS | |
| Uniform Resource Identifier | <a href="https://library.oapen.org/bitstream/20.500.12657/37343/1/9780367469573_text.pdf">https://library.oapen.org/bitstream/20.500.12657/37343/1/9780367469573_text.pdf</a> |
| 942 ## - ADDED ENTRY ELEMENTS (KOHA) | |
| Koha item type | E-Books |
| Withdrawn status | Lost status | Damaged status | Not for loan | Home library | Current library | Date acquired | Total Checkouts | Date last seen | Price effective from | Koha item type |
|---|---|---|---|---|---|---|---|---|---|---|
| Kerala University of Digital Sciences, Innovation and Technology Knowledge Centre | Kerala University of Digital Sciences, Innovation and Technology Knowledge Centre | 20/06/2022 | 20/06/2022 | 20/06/2022 | E-Books |